| 000 | 00987nam a22002297a 4500 | ||
|---|---|---|---|
| 001 | 78978 | ||
| 003 | BD-RjUL | ||
| 005 | 20211209083210.0 | ||
| 008 | 211206s2018 bg ||||| |||| 00| 0 ben d | ||
| 020 |
_a9789849294001 _c: TK. 950.00 |
||
| 035 | _a(BD-RjUL)79205 | ||
| 040 |
_aBD-RjUL _beng _cBD-RjUL |
||
| 041 | _aben | ||
| 082 |
_223 _a954.9205092 _bZAJ 2018 |
||
| 100 |
_aজয়েনউদদীন, খালেক বিন _9135503 |
||
| 245 | 1 | 0 |
_aজাতির পিতা বঙ্গবন্ধু শেখ মুজিবুর রহমান / _cখালেক বিন জয়েনউদদীন |
| 260 |
_aঢাকা : _bজোনাকী প্রকাশনী, _c২০১৮ |
||
| 300 |
_a৫৭৬ পৃ.: _bচিত্রসমূহ; _c২৩ সেমি. |
||
| 600 |
_aমুজিবুর রহমান , _cশেখ, _d১৯২০-১৯৭৫ _9251055 |
||
| 600 |
_aMujibur Rahman, _cSheikh, _d1920-1975 _9251056 |
||
| 942 |
_2ddc _cBK |
||
| 999 |
_c78978 _d78978 |
||